000 01279nac a22003617a 4500
001 BR8201295
003 BR-BrBNA
005 20240105115250.0
008 230509b bl.|||m| |||| 00| 0 por d
040 _aBR-BrBNA
_bpor
_cBiblioteca Nacional de Agricultura
072 _aL72
090 _a5300 BR8201295
100 1 _aLignon, G.B.
100 1 _aFormiga, D. das N.
100 1 _aFreitas, A.R. de
100 1 _aMarques, S.M.T.
110 1 _aCentro Nacional de Pesquisa de Suinos e Aves, Concordia, SC (Brasil)
245 1 _aPrevalencia e aspectos do controle de nematodeos gastrintestinais em suinos [Sus domesticus; Parasito animal; Santa Catarina; Brasil]
246 1 _a[Prevalence and aspects of the control of gastroenteric nematodes in pigs [Sus domesticus; Animal parasite; Brazil]]
260 3 _aConcordia, SC (Brasil):
_c1981.
300 _a4 p.
490 _aComunicado Tecnico - Centro Nacional de Pesquisa de Suinos e Aves (Brazil)
_vno. 17
_x
650 _aPraga de animal
650 _aSuino
650 _aVerminose
650 _aNematoide
650 _aAnti-helmintico
650 _aParasito de animal
650 _aInfeccao
650 _aAparelho digestivo
909 _a202312
_bLúcia Elande
_c55
_dLúcia Elande
942 _2AGRIS
_n0
_cMS
999 _c273960
_d273960